Diccionario teológico del Nuevo Testamento

Tallennettuna:
Bibliografiset tiedot
Päätekijät: Coenen, Lothar (Tekijä), Beyreuther, Erich (Tekijä), Bietenhard, Ruth (Tekijä)
Aineistotyyppi: Kirja
Kieli:espanja
Julkaistu: Salamanca Sígueme 1980
Painos:1a. ed
Sarja:Biblioteca de Estudios Bíblicos, 26, 27, 28, 29
Aiheet:
Tagit: Lisää tagi
Ei tageja, Lisää ensimmäinen tagi!

MARC

LEADER 00000cam a2200000 a 4500
001 UCX1618
003 CL-VaPUC
008 901004e19800000SP |||||||||||||||||spa|d
020 |a 8430108130 
020 |a 8430108149v.1 
020 |a 8430108203v.2 
020 |a 8430108998v.3 
020 |a 8430109331v.4 
082 0 4 |a 225.3  |b COE  |2 21 
100 0 |a Coenen, Lothar  |e author  |9 317175 
700 0 |a Beyreuther, Erich  |e author  |9 317176 
700 0 |a Bietenhard, Ruth  |e author  |9 317177 
245 1 0 |a Diccionario teológico del Nuevo Testamento 
250 |a 1a. ed 
300 |a v 
942 |c BK 
945 |d 19901004 00:00:00  |a aalvarez 
260 |a Salamanca  |b Sígueme  |c 1980 
650 0 |a Biblia  |9 257603 
650 0 |a Diccionario Español   |9 255650 
583 |a last modification  |c 20150622 05:37:57  |k Rodrigo Vera 
490 0 |a Biblioteca de Estudios Bíblicos, 26, 27, 28, 29 
999 |c 222808  |d 222806 
952 |0 0  |1 0  |4 0  |6 225_300000000000000_COE_1980  |7 0  |8 X  |9 218027  |a BIBTEO  |b BIBTEO  |d 2019-11-15  |h v.2  |i 2868903  |o 225.3 COE 1980  |p 2868903  |r 2025-01-17  |w 2019-11-15  |y BK_X  |k ICR 
952 |0 0  |1 0  |4 0  |6 225_300000000000000_COE_1980  |7 0  |8 X  |9 218028  |a BIBTEO  |b BIBTEO  |d 2019-11-15  |h v.4  |i 2868938  |o 225.3 COE 1980  |p 2868938  |r 2025-01-17  |w 2019-11-15  |y BK_X  |k ICR 
952 |0 0  |1 0  |4 0  |6 225_300000000000000_COE_1980  |7 0  |8 X  |9 218029  |a BIBTEO  |b BIBTEO  |d 2019-11-15  |h v.1  |i 210024K  |o 225.3 COE 1980  |p 210024K  |r 2025-01-17  |w 2019-11-15  |y BK_X  |k ICR 
952 |0 0  |1 0  |4 0  |6 225_300000000000000_COE_1980  |7 0  |8 X  |9 218030  |a BIBTEO  |b BIBTEO  |d 2019-11-15  |h v.1  |i 2117053  |o 225.3 COE 1980  |p 2117053  |r 2025-01-17  |w 2019-11-15  |y BK_X  |k ICR 
952 |0 0  |1 0  |4 0  |6 225_300000000000000_COE_1980  |7 0  |8 X  |9 218031  |a BIBTEO  |b BIBTEO  |d 2019-11-15  |h v.2  |i 2117061  |o 225.3 COE 1980  |p 2117061  |r 2025-01-17  |w 2019-11-15  |y BK_X  |k ICR 
952 |0 0  |1 0  |4 0  |6 225_300000000000000_COE_1980  |7 0  |8 X  |9 218032  |a BIBTEO  |b BIBTEO  |d 2019-11-15  |h v.1  |i 2117193  |o 225.3 COE 1980  |p 2117193  |r 2025-01-17  |w 2019-11-15  |y BK_X  |k ICR 
952 |0 0  |1 0  |4 0  |6 225_300000000000000_COE_1980  |7 0  |8 X  |9 218033  |a BIBTEO  |b BIBTEO  |d 2019-11-15  |h v.1  |i 2117207  |o 225.3 COE 1980  |p 2117207  |r 2025-01-17  |w 2019-11-15  |y BK_X  |k ICR 
952 |0 0  |1 0  |4 0  |6 225_300000000000000_COE_1980  |7 0  |8 X  |9 218034  |a BIBTEO  |b BIBTEO  |d 2019-11-15  |h v.2  |i 2117215  |o 225.3 COE 1980  |p 2117215  |r 2025-01-17  |w 2019-11-15  |y BK_X  |k ICR 
952 |0 0  |1 0  |4 0  |6 225_300000000000000_COE_1980  |7 0  |8 X  |9 218035  |a BIBTEO  |b BIBTEO  |d 2019-11-15  |h v.2  |i 2117223  |o 225.3 COE 1980  |p 2117223  |r 2025-01-17  |w 2019-11-15  |y BK_X  |k ICR 
952 |0 0  |1 0  |4 0  |6 225_300000000000000_COE_1980  |7 0  |8 X  |9 218036  |a BIBTEO  |b BIBTEO  |d 2019-11-15  |h v.2  |i 2117231  |o 225.3 COE 1980  |p 2117231  |r 2025-01-17  |w 2019-11-15  |y BK_X  |k ICR 
952 |0 0  |1 0  |4 0  |6 225_300000000000000_COE_1980  |7 0  |8 X  |9 218037  |a BIBTEO  |b BIBTEO  |d 2019-11-15  |h v.3  |i 211724K  |o 225.3 COE 1980  |p 211724K  |r 2025-01-17  |w 2019-11-15  |y BK_X  |k ICR 
952 |0 0  |1 0  |3 erb  |4 0  |6 225_300000000000000_COE_1980  |7 0  |8 X  |9 218038  |a BIBTEO  |b BIBTEO  |e Casale Rolle, Carlos Ignacio, -2014  |h v.1  |i 5181860  |o 225.3 COE 1980  |p 5181860  |r 2025-01-17  |w 2019-11-15  |y BK_X  |z Catalogado en:20150605  |k ICR 
952 |0 0  |1 0  |3 erb  |4 0  |6 225_300000000000000_COE_1980  |7 0  |8 X  |9 218039  |a BIBTEO  |b BIBTEO  |e Casale Rolle, Carlos Ignacio, -2014  |h v.2  |i 5181879  |o 225.3 COE 1980  |p 5181879  |r 2025-01-17  |w 2019-11-15  |y BK_X  |z Catalogado en:20150605  |k ICR 
952 |0 0  |1 0  |3 erb  |4 0  |6 225_300000000000000_COE_1980  |7 0  |8 X  |9 218040  |a BIBTEO  |b BIBTEO  |e Casale Rolle, Carlos Ignacio, -2014  |h v.3  |i 5181887  |o 225.3 COE 1980  |p 5181887  |r 2025-01-17  |w 2019-11-15  |y BK_X  |z Catalogado en:20150605  |k ICR 
952 |0 0  |1 0  |3 erb  |4 0  |6 225_300000000000000_COE_1980  |7 0  |8 X  |9 218041  |a BIBTEO  |b BIBTEO  |e Casale Rolle, Carlos Ignacio, -2014  |h v.4  |i 5181895  |o 225.3 COE 1980  |p 5181895  |r 2025-01-17  |w 2019-11-15  |y BK_X  |z Catalogado en:20150605  |k ICR